All 10k+ cities in Europe starting with E on a map - Statistics

General Stats
  • This quiz has been taken 545 times
  • The average score is 27 of 232
Answers on the Map
Answers color-coded by a green-red scale on the quiz's map according to % correct below.
 
Answer Stats
Country Population Name % Correct
United Kingdom 506,560 Edinburgh
94%
Germany 582,415 Essen
89%
Belgium 19,196 Essen
89%
Netherlands 298,795 Eindhoven
75%
Finland 292,796 Espoo
69%
Germany 213,692 Erfurt
65%
United Kingdom 127,709 Exeter
61%
Austria 11,900 Enns
54%
Spain 234,765 Elche
53%
Turkey 172,802 Edirne
50%
Netherlands 147,850 Enschede
50%
Luxembourg 36,228 Esch-sur-Alzette
50%
United Kingdom 114,603 Eastbourne
46%
Germany 112,385 Erlangen
45%
Denmark 72,044 Esbjerg
45%
Germany 49,874 Emden
40%
Netherlands 52,060 Emmen
39%
Switzerland 31,039 Emmen
39%
Poland 118,582 Elbląg
34%
Germany 92,722 Esslingen am Neckar
34%
Netherlands 70,195 Ede
33%
Albania 78,703 Elbasan
33%
Hungary 68,211 Érd
31%
Russia 226,143 Engels
30%
Sweden 75,488 Eskilstuna
30%
United Kingdom 84,150 Eastleigh
29%
Portugal 40,310 Évora
29%
Hungary 52,898 Eger
27%
United Kingdom 35,825 Exmouth
27%
United Kingdom 75,110 East Kilbride
26%
United Kingdom 24,080 Elgin
26%
United Kingdom 20,333 Ely
26%
Poland 61,903 Ełk
25%
Italy 16,007 Este
25%
Russia 103,535 Elista
24%
United Kingdom 62,334 Ellesmere Port
23%
Germany 41,970 Eisenach
22%
Spain 83,758 El Ejido
21%
Russia 152,607 Elektrostal
21%
France 67,131 Évry-Courcouronnes
21%
Ireland 20,475 Ennis
20%
United Kingdom 35,471 Epsom
19%
Spain 70,228 Estepona
19%
Austria 14,895 Eisenstadt
17%
United Kingdom 13,810 Enniskillen
17%
Netherlands 12,325 Epe
16%
Germany 58,466 Euskirchen
16%
Germany 40,965 Eberswalde
15%
Netherlands 28,735 Edam / Volendam
15%
Spain 27,769 Eibar
15%
Spain 88,703 El Puerto de Santa María
15%
Italy 26,030 Enna
15%
Germany 36,455 Erding
15%
France 46,707 Évreux
15%
United Kingdom 41,943 Eccles
13%
Italy 48,368 Empoli
13%
Sweden 25,021 Enköping
13%
Germany 56,172 Eschweiler
13%
Ukraine 52,887 Enerhodar
12%
France 32,223 Épinal
12%
United Kingdom 18,274 Ebbw Vale
11%
United Kingdom 10,040 Ellon
11%
Germany 49,948 Elmshorn
11%
United Kingdom 11,218 Epping
11%
Germany 50,060 Erftstadt
11%
United Kingdom 15,250 Erskine
11%
United Kingdom 52,336 Esher
11%
United Kingdom 30,017 Egham
10%
Germany 23,373 Eisenhüttenstadt
10%
Germany 22,668 Eisleben
10%
Spain 51,128 Eivissa
10%
Germany 30,869 Emmerich am Rhein
10%
Belgium 19,900 Eupen
10%
United Kingdom 28,701 Evesham
10%
Italy 51,600 Ercolano
9%
Netherlands 12,850 Echt / Schilberg
8%
Germany 21,637 Eckernförde
8%
Germany 13,343 Eichstätt
8%
Germany 30,449 Einbeck
8%
Germany 28,051 Emmendingen
8%
France 12,279 Épinay-sous-Sénart
8%
France 11,160 Épinay-sur-Orge
8%
France 54,771 Épinay-sur-Seine
8%
Germany 43,878 Erkrath
8%
Andorra 14,582 Escaldes-Engordany
8%
Hungary 28,144 Esztergom
8%
Germany 39,401 Ettlingen
8%
Germany 26,398 Ehingen (Donau)
7%
Germany 24,477 Ellwangen (Jagst)
7%
Spain 65,385 El Prat de Llobregat
7%
Netherlands 21,075 Elst
7%
Netherlands 22,750 Emmeloord
7%
Germany 36,068 Emsdetten
7%
Germany 43,275 Erkelenz
7%
Netherlands 21,700 Ermelo
7%
Germany 19,365 Eschwege
7%
United Kingdom 30,759 East Grinstead
6%
Germany 12,213 Ebersberg
6%
Spain 39,893 Écija
6%
Germany 10,704 Eisenberg
6%
Netherlands 11,630 Elburg
6%
Netherlands 17,905 Enkhuizen
6%
Germany 30,117 Ennepetal
6%
France 22,330 Épernay
6%
Italy 15,954 Erba
6%
Sweden 19,783 Eslöv
6%
Netherlands 41,230 Etten-Leur
6%
United Kingdom 54,984 Ewell
6%
France 36,961 Échirolles
5%
Spain 52,813 Elda
5%
Germany 16,946 Eltville am Rhein
5%
Germany 13,813 Erbach
5%
Germany 13,728 Erbach
5%
Italy 26,373 Erice
5%
Germany 21,641 Eschborn
5%
France 25,287 Étampes
5%
Germany 16,960 Eutin
5%
United Kingdom 19,261 Eastwood
4%
Germany 14,267 Eberbach
4%
Italy 38,492 Eboli
4%
Belgium 21,549 Eeklo
4%
Sweden 10,864 Eksjö
4%
France 16,205 Elbeuf
4%
Norway 21,292 Elverum
4%
Germany 10,942 Engen
4%
Germany 20,469 Enger
4%
Belgium 14,155 Enghien
4%
Germany 11,935 Erkner
4%
Spain 39,540 Errenteria
4%
Germany 24,676 Espelkamp
4%
France 10,926 Étaples
4%
Finland 11,483 Eura
4%
Belgium 35,791 Evergem
4%
Greece 74,686 Evosmos
4%
France 25,139 Eaubonne
3%
Germany 15,558 Ebersbach an der Fils
3%
Germany 11,679 Ebersbach-Neugersdorf
3%
Austria 11,422 Ebreichsdorf
3%
Germany 14,039 Eching
3%
Switzerland 13,157 Ecublens
3%
France 18,587 Écully
3%
Greece 69,946 Egaleo
3%
Germany 13,817 Eggenfelden
3%
Germany 15,662 Eilenburg
3%
Switzerland 16,247 Einsiedeln
3%
Germany 21,243 Eislingen/Fils
3%
Germany 18,728 Eitorf
3%
Sweden 12,358 Ekerö
3%
Spain 11,570 Elgoibar
3%
United Kingdom 16,020 Elland
3%
Portugal 15,190 Elvas
3%
Spain 38,373 El Vendrell
3%
United Kingdom 20,391 Emsworth
3%
France 11,285 Enghien-les-Bains
3%
Germany 19,554 Ennigerloh
3%
Germany 12,256 Ense
3%
Germany 22,024 Eppingen
3%
France 29,079 Ermont
3%
Greece 11,407 Ermoupoli
3%
Germany 16,117 Erwitte
3%
Portugal 20,910 Espinho
3%
Spain 47,150 Esplugues de Llobregat
3%
Spain 13,991 Estella-Lizarra
3%
Belgium 42,656 Evere
3%
United Kingdom 20,185 Earl Shilton
2%
Switzerland 14,066 Ebikon
2%
Belgium 11,303 Écaussinnes
2%
Germany 14,614 Eckental
2%
Belgium 22,244 Edegem
2%
Germany 12,533 Edemissen
2%
Greece 18,229 Édessa
2%
Germany 22,556 Edewecht
2%
Moldova 13,943 Edineț
2%
Germany 14,131 Edingen-Neckarhausen
2%
Germany 16,480 Eggenstein-Leopoldshafen
2%
Belgium 16,487 Éghezée
2%
Germany 11,904 Eichenau
2%
Germany 11,135 Eichenzell
2%
Norway 26,031 Eidsvoll
2%
Spain 16,984 Ejea de los Caballeros
2%
France 25,575 Élancourt
2%
Spain 18,134 El Astillero
2%
Spain 28,930 El Campello
2%
Spain 12,415 El Casar
2%
Lithuania 11,750 Elektrėnai
2%
Russia 22,439 Elektrogorsk
2%
Russia 20,607 Elektrougli
2%
Spain 16,365 El Escorial
2%
Greece 24,910 Eleusis
2%
Spain 23,831 El Masnou
2%
Germany 21,745 Elsdorf
2%
Germany 10,300 Emsbüren
2%
Germany 10,227 Endingen am Kaiserstuhl
2%
Russia 20,310 Enem
2%
Germany 19,297 Engelskirchen
2%
Germany 11,166 Eningen unter Achalm
2%
Portugal 20,140 Entroncamento
2%
Germany 16,569 Eppelborn
2%
Germany 15,276 Eppelheim
2%
Germany 13,620 Eppstein
2%
Italy 12,144 Eraclea
2%
France 18,162 Éragny
2%
Spain 24,530 Erandio
2%
Germany 12,871 Ergolding
2%
Germany 10,235 Erlenbach a. Main
2%
Germany 15,428 Erlensee
2%
Portugal 38,570 Ermesinde
2%
Spain 15,847 Ermua
2%
Belgium 20,286 Erpe-Mere
2%
France 10,621 Erstein
2%
Portugal 11,933 Esmoriz
2%
Belgium 13,018 Esneux
2%
Portugal 10,870 Esposende
2%
Germany 12,054 Essenbach
2%
Belgium 10,546 Estaimpuis
2%
Germany 13,500 Ettenheim
2%
Belgium 48,473 Etterbeek
2%
Germany 11,042 Extertal
2%
France 24,109 Eysines
2%
Greece 13,905 Efkarpía
1%
Germany 11,474 Egelsbach
1%
Norway 14,787 Eigersund
1%
Greece 27,067 Elefthério - Kordelió
1%
Greece 17,259 Elliniko
1%
Spain 19,324 El Viso del Alcor
1%
Germany 12,362 Emstek
1%
Norway 11,065 Enebakk
1%
Belgium 10,013 Erquelinnes
1%
Spain 22,302 Esparreguera
1%
Spain 15,824 Espartinas
1%
Spain 12,497 Estepa
1%
Spain 11,691 Etxebarri
1%
No matching quizzes found
Score Distribution
Percent of People with Each Score
Percentile by Number Answered
Your Score History
You have not taken this quiz